00822nam a2200265 i 4500001001000000003000900010005001700019007000300036008004100039020001800080040003000098041000800128082002300136100004100159245006000200250002400260264004600284300002700330336002700357337003400384338002800418500006000446650002400506650002600530000028810DO-SdBNP20240830110303.0ta110412s2010 dr 000 0 spa d a9789945003345 aDO-SdBNPbspacBNPHUerda aspa 4aRD861.5bD542a2221 aDíaz, Juanita,d1936-eautor4aut.10aAñoranza :bconfesiones intimistas /cJuanita Díaz. aPrimera edición  4aSanto Domingo :bEditora Búho,c©2010. a54 páginas ;c21 cm. 2rdacontentatextobtxt 2rdamedia asin mediaciónbn 2rdacarrieravolumenbnc aIncluye datos biográficos de la autora en las solapas 4aPoesía dominicana 4aLiteratura dominicana